000 01348nam0a2200337 4500
001 RU\NLR\BIBL_A\022612359
005 20260420052714.0
010 _a978-5-389-28924-6
_94000
021 _aRU
_bКН-П-25-040650
_9КН-П-25-3955
035 _a(NLR Aleph) 022612359
090 _a13683258
_c13683258
100 _a20250829d2025 u y0rusy50 ca
101 1 _arus
_cjpn
102 _aRU
105 _ay z 000ay
181 0 _ai
_baxxe
182 0 _an
200 1 _aМоряк, которого разлюбило море
_eроман
_fЮкио Мисима
_g[перевод с японского Юлии Чинаревой]
203 _aТекст
_bвизуальный
_cнепосредственный
210 _aСанкт-Петербург
_cАзбука-Аттикус, Азбука
_d2025
215 _a219, [2] с.
_d19
225 1 _aИзящная классика Востока
333 _a16+
686 1 _aШ6(5Я)67-440.4{Лх2318-50}
700 1 _7ca
_8rus
_aМисима
_bЮ.
_f1925-1970
_gЮкио
_9119356
_3RU\NLR\AUTH\779529
702 1 _4730
_7ca
_8rus
_aЧинарёва
_bЮ. Ф.
_gЮлия Феликсовна
_92685565
_3RU\NLR\AUTH\770286523
942 _cBOOK
980 _aNB